Slovenskými piesňami k srdcu Banskobystrický spevokol Hron v Taliansku

Bibliographic Details
Main Authors: Kadlecová, Viera (Author), Lutonská, Viola (Author)
Format: Article
Language:Slovak
PhysicalDescription:Fotogr. 1
Subjects:

MARC

LEADER 00000nab a2200000 a 4500
001 vtls000565206
003 SK-MaSNL
005 20260303190425.0
008 150501c1995 xo 0 slo
015 |a SNBRB19rr/mm-uuuuu 
035 |a CL0565344 
040 |a SNKBUCL  |b slo  |c SNKBUCL  |e AACR2 
041 0 |a slo 
044 |a xo  |c SK 
080 |a 78.087.684  |2 1981 
100 1 |a Kadlecová, Viera  |4 aut  |9 1218730 
245 1 0 |a Slovenskými piesňami k srdcu  |b Banskobystrický spevokol Hron v Taliansku  |c Viera Kadlecová, Viola Lutonská 
300 |b Fotogr. 1 
610 2 7 |a Spevácky zbor Hron (Radvaň, Banská Bystrica, Slovensko)  |2 SNKKA  |9 206841 
655 7 |a články z novín a časopisov  |2 snkbucl  |9 267496 
700 1 |a Lutonská, Viola  |4 aut  |9 1218731 
773 0 |t Národná osveta  |g Roč. 5, č. 16 (1995) 
773 0 |t [Príl.] Etuda  |g Č. 3 (1995), s. 9 
850 |a Slovenská národná knižnica v Martine  |a MTA001 
852 |a SNK  |b KIS3GCP 
958 |a RK 
958 |a SK 
992 |a RBX 
999 |c 2136190  |d 2138120